| 000 | 00432nam a22001697a 4500 | ||
|---|---|---|---|
| 005 | 20240108120304.0 | ||
| 008 | 190427b xxu||||| |||| 00| 0 eng d | ||
| 020 | _a978-93-86943-55-2 | ||
| 041 | _aeng | ||
| 100 |
_aPAWAR, DR. ATMARAM _94944 |
||
| 245 | _aA TEXTBOOK OF PHARMACEUTICS FOR B.PHARMA | ||
| 250 | _a1st , 2017 | ||
| 260 |
_aPUNE _bNIRALI PRAKASHAN |
||
| 300 | _a13.14 p, | ||
| 650 |
_aPHARMACY _xB.PHARMA |
||
| 942 | _cBK | ||
| 999 |
_c5822 _d5820 |
||